1758 1148 1906 1171 1228 1210 1684 1354 1403 1254 1076 1249 1998 1040 1569 1851 1319 1052 1334 1020 1764 1979 1049 1851 1232 1857 1555 1647 1896 1682 1572 1792 1531 1117 1068 1429 1368 1280 1740 1872 1236 1281 1834 1344 1615 1194 1559 1078 1830 1956 1333 1731 1792 1119 1142 1505 1719 1170 1713 1282 1541 1515 1463 1189 1790 1191 1530 1824 1934 1855 1933 1454 1144 1203 1139 1185 1963 1780 1294 1719 1115 1205 1833 1968 1971 1842 1180 1554 1921 1182 1243 1740 1067 1631 1489 1445 1260 1249 1680 BCNSPRNW ULIB Ver.6.0+V

เปลี่ยนเป็นภาษาไทย

Change to English
 แสดงรายละเอียดบรรณานุกรม
  กลับหน้าหลัก

Brief Record : Get Marc (ISO 2709) : E-mail record : QR code < ปิดหน้าต่าง
LEADER : 00000nam 2200000uu 4500
001    13399108442
003     ULIB
008    110303s2003||||th 000 0 eng d
020    03230125
060 04 WY160^bS931P 2003
100 1  Gail W. Stuart
245 10 Principles and Practice of Psychiatric nursing /^cGail W. Stuart
250    7th ed.
260    St. Louis:^bMosby,^c2003
300    915 p.
650  7 Psychiatric nursing agenda
650  7 Psychiatric Nursing Care
650  7 Psychoanalytical model
700 0  Michele T. Laraia
945    ^p3000^l0^i014324
995    ทศพร
999 ^a ใช้งานได้ทุกระบบ
รายการนี้ยังไม่มีแท็ก
คุณยังไม่ได้ล็อกอิน คุณสามารถมีกิจกรรมร่วมกับเว็บไซต์ได้ แต่ต้องล็อกอินก่อน ::
  ล็อกอิน

รายการสื่อสารสนเทศ

ลำดับที่ ประเภท เลขเรียก/บาร์โค้ด สถานที่ สถานะ
- ไม่พบข้อมูล -

BibComment


ยังไม่เคยถูกคอมเมนท์

คอมเมนท์ทรัพยากรรายการนี้
  คอมเมนท์: Principles and Pr..


 Copyright 2026. Bcnsprnw @Library